| 000 | 01778nam0a2200373 4500 | ||
|---|---|---|---|
| 001 | RU\NLR\bibl\324687 | ||
| 005 | 20260409072831.0 | ||
| 010 |
_a5-88871-193-4 _9400 |
||
| 021 |
_aRU _b2002-34311 _91683 |
||
| 035 | _a(NLR Aleph) 000319696 | ||
| 090 |
_a89341 _c89341 |
||
| 100 | _a20021016d2002 |||y0rusy50 ca | ||
| 101 | 0 | _arus | |
| 102 | _aRU | ||
| 105 | _ay ||||||||| | ||
| 200 | 1 |
_aОсновы теории и методики физической культуры _eУчеб. пособие для студентов вузов региона _fС. В. Федорова _gГос. ком. Рос. Федерации по рыболовству, Дальневост. гос. техн. рыбохоз. ун-т |
|
| 210 |
_aВладивосток _cДальрыбвтуз _d2002 |
||
| 215 |
_a120 с. _d21 |
||
| 320 | _aБиблиогр.: с. 117 | ||
| 606 |
_aФизическая культура и спорт _xТеория _jРуководства, пособия и т.п. для высшей школы _3RU\NLR\auth\661129118 _91849073 |
||
| 606 |
_aФизическая культура и спорт _xТеория _jУчебные издания для высшей школы _3RU\NLR\auth\661129118 _91849073 |
||
| 610 | 0 | _aФизическая культура и спорт | |
| 675 |
_a378.037.0(075.8) _v3 _zrus |
||
| 686 |
_a14.35 _2rugasnti |
||
| 686 |
_a74.58я73 _2rubbk |
||
| 686 | _aЧ511.0я73 | ||
| 700 | 1 |
_4070 _8rus _7ca _aФедорова _bС. В. _cспециалист по физ. культуре _gСветлана Васильевна _3RU\NLR\auth\7739499 _922483 |
|
| 801 | 0 |
_aRU _bRKP _c20021016 _gPSBO |
|
| 801 | 1 |
_aRU _bRKP _c20021016 |
|
| 801 | 2 |
_aRU _bNLR _c20060616 _grcr |
|
| 942 | _cBOOK | ||
| 980 | _aNB | ||
| 980 | _aNBR | ||